Trees of Thiruvananthapuram museum and Zoo / (Record no. 748971)

MARC details
000 -LEADER
fixed length control field 00449nam a22001577a 4500
003 - CONTROL NUMBER IDENTIFIER
control field OSt
005 - DATE AND TIME OF LATEST TRANSACTION
control field 20260202121557.0
008 - FIXED-LENGTH DATA ELEMENTS--GENERAL INFORMATION
fixed length control field 250522b |||||||| |||| 00| 0 eng d
040 ## - CATALOGING SOURCE
Transcribing agency KUL
082 ## - DEWEY DECIMAL CLASSIFICATION NUMBER
Classification number 582.1695483 NAM.T
100 ## - MAIN ENTRY--PERSONAL NAME
Personal name Namitha L.H.,
9 (RLIN) 9030
245 ## - TITLE STATEMENT
Title Trees of Thiruvananthapuram museum and Zoo /
260 ## - PUBLICATION, DISTRIBUTION, ETC.
Place of publication, distribution, etc. Thiruvanthapuram:
Name of publisher, distributor, etc. State institute of languages,
Date of publication, distribution, etc. C2024.
700 ## - ADDED ENTRY--PERSONAL NAME
Relator code Author
Personal name Gangaprasad A.
9 (RLIN) 9031
942 ## - ADDED ENTRY ELEMENTS (KOHA)
Source of classification or shelving scheme Dewey Decimal Classification
Koha item type Book
Holdings
Withdrawn status Lost status Source of classification or shelving scheme Damaged status Not for loan Home library Current library Shelving location Date acquired Total Checkouts Full call number Barcode Date last seen Price effective from Koha item type
    Dewey Decimal Classification     Dept. of Botany Dept. of Botany Gift 22/05/2025   582.1695483 NAM.T BOTG89 22/05/2025 22/05/2025 Book